00753nam a2200241 a 4500001001300000003000900013005001700022008004100039020002600080082002000106100002000126245005800146260003800204300000900242500003500251505001400286650002700300650003300327902000800360942000700368952012100375999001500496nice12345678IN_TiNIC20260116013128.0050524s1988 itha grp 000 0 eng  a0801424 c830.5500a305.800956bESM aEsman, Milton J aEthnicity, Pluralism and the State in the Middle East aIthacabCornell University c1988 a296p aincludes index and biblioraphy2 a40 Plates aMinorities-Middle East aMiddle East-Ethnic Relations bSRS cBK 001040708StackRoom-aHMIbHMId2007-03-29g830.55l0o305.800956 ESMp017636r2007-03-29v830.55w2005-05-24yBK c9771d9771